000 006150000a22001090004500
100 1 _aValencia, Margarita
245 1 0 _aLos asesinos prudentes : Del 23 al 26 de agosto
300 _aVol.0, núm.23 (Agosto, 2007), Páginas 15-22
520 _aArcadia, en contra de la tendencia del periodismo moderno, publica este artículo de nueve pa´ginas que pasa revista a todos y cada uno de los escritores elegidos por el evento literario Bogotá 39... Margarita Valencia ha tenido la audacia de leerlos a todos, y de presentar aquí su tejante veredicto.
773 0 _tArcadia / Andrés Felipe Solano, Editor
942 _cANA
999 _c62290
_d62290